00996 a2200169 45000010006000000050017000060080041000230030015000640400040000790800033001192450078001520200018002302640082002483000019003305050456003491000021008055700420260407155832.0260407a1976 arg spa dAR-UNSa-BCEJYS aAR-UNSa-BCEJYSbspacAR-UNSa-BCEJYS a330.101.541xMacroeconomía10aTowards a reconstruction of Macroeconomicspproblems of theory and policy a0-8447-1318-X 1aWhashington :bAmerican Enterprise Institute for Public Policy Researchc1976 a150 p.c22 cm. a1. The main theme and the nature of the approach – 2. Fundamentals in an elementary analytical framework – 3. Employment theory and the price level – 4. Induced innovations, distributive shares, and sustainable employment along the growth path – 5. Outline of a macroeconomic equilibrium system and the problema of shortcuts – 6. Monetarist and neo-kynesian leanings: useful or misleanding labels? – 7. Policy problems, present and future 1 aFellner, William